Pusaran kasih (Record no. 143975)

MARC details
000 -LEADER
fixed length control field 00691nam a2200265 i 4500
001 - CONTROL NUMBER
control field C2-0222748
003 - CONTROL NUMBER IDENTIFIER
control field PPAK
005 - DATE AND TIME OF LATEST TRANSACTION
control field 20180728151807.0
008 - FIXED-LENGTH DATA ELEMENTS--GENERAL INFORMATION
fixed length control field 000125s1995 my |||| ||||| | may d
020 ## - INTERNATIONAL STANDARD BOOK NUMBER
International Standard Book Number 9838932531
040 ## - CATALOGING SOURCE
Original cataloging agency PPAK
Language of cataloging eng
Transcribing agency PPAK
Description conventions rda
082 04 - DEWEY DECIMAL CLASSIFICATION NUMBER
Classification number 899.233
Edition number 23
090 00 - LOCALLY ASSIGNED LC-TYPE CALL NUMBER (OCLC); LOCAL CALL NUMBER (RLIN)
Classification number (OCLC) (R) ; Classification number, CALL (RLIN) (NR) 899.233
Feature heading JAM
Feature heading G
100 0# - MAIN ENTRY--PERSONAL NAME
Personal name Jamal Sudin,
Relator term author
245 10 - TITLE STATEMENT
Title Pusaran kasih
264 #1 - PRODUCTION, PUBLICATION, DISTRIBUTION, MANUFACTURE, AND COPYRIGHT NOTICE
Place of production, publication, distribution, manufacture Kuala Lumpur :
Name of producer, publisher, distributor, manufacturer Creative ,
Date of production, publication, distribution, manufacture, or copyright notice 1995
300 ## - PHYSICAL DESCRIPTION
Extent 175 pages ;
Dimensions 18 cm
336 ## - CONTENT TYPE
Source rdacontent
Content type term text
337 ## - MEDIA TYPE
Source rdamedia
Media type term unmediated
338 ## - CARRIER TYPE
Source rdacarrier
Carrier type term volume
490 1# - SERIES STATEMENT
Series statement Novel remaja Creative
650 10 - SUBJECT ADDED ENTRY--TOPICAL TERM
Topical term or geographic name entry element Malay fiction
830 #0 - SERIES ADDED ENTRY--UNIFORM TITLE
Uniform title Novel remaja Creative
942 ## - ADDED ENTRY ELEMENTS (KOHA)
-- dc
Koha item type Book
Holdings
Withdrawn Not for loan Current library Shelving location Date acquired Full call number Barcode Date last seen Koha item type
    Perpustakaan Awam Sungai Petani Pinjaman Dewasa 24/07/2000 899.233 JAM A00917268 31/05/2018 Book
    Perpustakaan Jitra Pinjaman Dewasa 24/07/2000 899.233 JAM A00917269 31/05/2018 Book
    Perpustakaan Kulim Pinjaman Dewasa 24/07/2000 899.233 JAM A00917273 31/05/2018 Book
    Perpustakaan Kulim Pinjaman Dewasa 24/07/2000 899.233 JAM A00917274 31/05/2018 Book
    Perpustakaan Langkawi Pinjaman Dewasa 24/07/2000 899.233 JAM A00917272 31/05/2018 Book
    Bergerak 1, Alor Setar Pinjaman Dewasa 24/07/2000 899.233 JAM A00917277 31/05/2018 Book
    Bergerak 1, Alor Setar Pinjaman Dewasa 24/07/2000 899.233 JAM A00917278 31/05/2018 Book
    Bergerak 3, Baling Pinjaman Dewasa 24/07/2000 899.233 JAM A00917283 31/05/2018 Book
    Bergerak 3, Baling Pinjaman Dewasa 24/07/2000 899.233 JAM A00917284 31/05/2018 Book
    Bergerak 3, Baling Pinjaman Dewasa 24/07/2000 899.233 JAM A00917285 31/05/2018 Book
    Bergerak 4, Sungai Petani Pinjaman Dewasa 24/07/2000 899.233 JAM A00917286 31/05/2018 Book
    Bergerak 4, Sungai Petani Pinjaman Dewasa 24/07/2000 899.233 JAM A00917287 31/05/2018 Book
    Bergerak 4, Sungai Petani Pinjaman Dewasa 24/07/2000 899.233 JAM A00917288 31/05/2018 Book
    Bergerak 5, Kulim Pinjaman Dewasa 24/07/2000 899.233 JAM A00917289 31/05/2018 Book
    Bergerak 5, Kulim Pinjaman Dewasa 24/07/2000 899.233 JAM A00917291 31/05/2018 Book
    Bergerak 5, Kulim Pinjaman Dewasa 24/07/2000 899.233 JAM A00917295 31/05/2018 Book
    Bergerak 5, Kulim Pinjaman Dewasa 24/07/2000 899.233 JAM A00917296 31/05/2018 Book
    PD33, Kg. Belau, Merbok Pinjaman Dewasa 24/07/2000 899.233 JAM A00917276 31/05/2018 Book